The Effects of Expectations on Union Wages (Registro nro. 28157)
[ vista simple ]
| 000 -LEADER | |
|---|---|
| fixed length control field | 00370 a2200121 4500 |
| 001 - CONTROL NUMBER | |
| control field | ART_46744 |
| 005 - DATE AND TIME OF LATEST TRANSACTION | |
| control field | 20260410161926.0 |
| 008 - FIXED-LENGTH DATA ELEMENTS--GENERAL INFORMATION | |
| fixed length control field | 260409a |
| 100 1# - MAIN ENTRY--PERSONAL NAME | |
| Personal name | Kaufman, Roger T. |
| 245 10 - TITLE STATEMENT | |
| Title | The Effects of Expectations on Union Wages |
| 700 1# - ADDED ENTRY--PERSONAL NAME | |
| Personal name | Woglom, Geoffrey |
| 773 0# - HOST ITEM ENTRY | |
| Title | The American Economic Review |
| Related parts | - Vol. 74, Nº 3 (jun. 1984) |
| Record control number | REV16190 |
No hay ítems disponibles.